01019nas a2200277Ia 4500001001600000003001000016008004100026040002500067041001300092100002000105210002200125222002200147245005300169250001100222260000900233501012300242300001400365362001600379500006500395650004600460700001100506942000700517957000600524999003300530952017800563A07/R085-40183 IT-MiCISF161014c99999999xx |||||||||||| ||und|| aIT-MiCISFcIT-MiCISF aITALIANO aBonomi Gabriele aLa coppia giovane aLa coppia giovane 0aIl "Cantico dei cantici". Una lettura gamologica a1a ed. c2004 bCISF - Centro Internazionale Studi Famiglia - Via Giotto, 36 20145 MILANO (non commercial uses only)cCopyright 2016 app. 24-29 an. 1 [2004] a Tema: pastorale-familiare, bibbia, spiritualità-coniugale aPASTORALE - pastorale familiarevarticolo aAA.VV. cCR 71 a40183bSig1c224303d224303 0010406A_07_000000000000000_R0854018371aCISFbCISFd2016-10-14l0oA07/R085-40183 r2016-10-14 00:00:00w2016-10-14yCRzData import 15.10.2016 / by Epidotti, Vaglietti